| 000 | 02367nam0a2200433 4500 | ||
|---|---|---|---|
| 001 | RU\NLR\bibl\989982 | ||
| 005 | 20260406070300.0 | ||
| 021 |
_aRU _b2006-47556 _92367 |
||
| 035 | _a(nilc)RSL-KNO-002920959 | ||
| 035 | _a(NLR Aleph) 000977801 | ||
| 090 |
_a439835 _c439835 |
||
| 100 | _a20060818d2005 |||y0rusy50 ca | ||
| 101 | 0 |
_arus _eeng |
|
| 102 | _aRU | ||
| 105 | _aa ||||||||| | ||
| 106 | _ar | ||
| 200 | 1 |
_aТруднодоступная Арктика _dHard-to-reach Arctic _e10 лет биоокеанологических исслед. на атомных ледоколах _fГ.Г. Матишов, П.Р. Макаревич, Ю.И. Горяев [и др.] _g[редкол.: Г.Г. Матишов (отв. ред.) и др.] _gРоссийская акад. наук, Кольский науч. центр, Мурманский морской биологический ин-т _zeng |
|
| 210 |
_aМурманск _cММБИ _d2005 _eМурманск _gМурманский Печатный Двор |
||
| 215 |
_a146, [2] с. _cцв. ил., карты _d30 |
||
| 320 | _aБиблиогр.: с. 68-72 | ||
| 510 | 0 |
_aHard-to-reach Arctic _zeng |
|
| 606 | 1 |
_aГидробиологические исследования _yАрктические моря _yРоссийская Федерация _92222042 _3RU\NLR\AUTH\661334199 |
|
| 610 | 0 | _aБиологические науки -- Гидробиология -- Региональная гидробиология морей и океанов -- Моря Российской Арктики | |
| 610 | 0 | _aБиологические науки -- Биогеография -- Российская Федерация -- Север Российской Федерации | |
| 686 |
_aЕ082.55(912),0 _2rubbk |
||
| 686 |
_aЕ085(2Р1),0 _2rubbk |
||
| 686 | _aЕ082.401(912) | ||
| 701 | 1 |
_4070 _8rus _7ca _aМатишов _bГ. Г. _f1945- _gГеннадий Григорьевич _3RU\NLR\auth\7726470 _99509 |
|
| 701 | 1 |
_aМакаревич _bП. Р. _gПавел Робертович _4070 |
|
| 701 | 1 |
_aГоряев _bЮ. И. _gЮрий Игоревич _4070 |
|
| 801 | 0 |
_aRU _bРКП _c20060818 _grcr |
|
| 801 | 1 |
_aRU _bРГБ _c20060818 |
|
| 801 | 2 |
_aRU _bNLR _c20061002 _grcr |
|
| 830 | _aавт. по базе | ||
| 942 | _cBOOK | ||
| 980 | _aNB | ||
| 980 | _aNBR | ||